000 00419nam a2200181Ia 4500
001 17342
005 20260306171510.0
008 260306s9999||||xx |||||||||||||| ||und||
041 _aESP
082 _a657.7
_bW27 T.2
100 _aWarren, Carl S.
_eAUT
245 0 _aContabilidad administrativa
260 _c2000
300 _a1144 páginas :
_c
650 _aGEN
654 _aCCO
942 _cLIB
_dJUS
_fJUS
_2ddc
_n
999 _c17342
_d17342